Une minute. - Statistiques

Statistiques générales
  • Ce quiz a été pris 235 fois
  • Le résultat moyen est 10 sur 25
Statistiques - réponses
Question Réponse % Correct
30+31+10=? 71
99%
De quelle couleur est le cheval blanc de Napoléon? Blanc
99%
C’est l’histoire d’un chien qui s’appelle Paf qui traverse la rue. Et là… PAF le chien!
97%
À quelle question sommes nous rendus? 6
95%
Divisé en deux, que donne 33? 16.5
94%
Quel est la 13ème lettre de l’alphabet? M
93%
« Tototentutita » contient combien de lettres? 13
78%
Combien y’a t-il de questions à ce quiz?⬇️ 25
69%
Combien as-tu de mains sur une main? 1
57%
Que lis-tu si tu retournes ta tête ? 713705 Soleil
38%
Quelle est le nombre pi? 3.1415926535
29%
Quel pays ENTOURE le Vatican? Italie
26%
Quel est le nombre ayant le plus de chance de tomber en lançant deux dés? 7
22%
Combien y’a t-il de planètes dans le système solaire? (Sans PLUTON) 8
22%
Quel est le pays le plus GROS (et le plus nul) Russie
22%
Paris se trouve dans quelle pays? France
11%
Une table a combien de pattes? Ça dépend
6%
Comment s’appelle ce quiz? Une minute.
5%
14 personnes rentrent dans un bar, qui contenait avant cela 28 personnes. Combien y’a t-il de personnes qui rentrent? 14
4%
La bonne réponse est la première. .
3%
2+2x2? 6
2%
Comment as-tu fais pour arriver à cette question? J’ai des supers-pouvoirs
2%
Quelle était la réponse de la question 1? M
2%
Quelle langues parlent t-on au Vatican? Italien et Latin
1%
Nomme-moi un plombier vert Luigi
1%
Aucun quiz correspondant
Distribution des résultats
% des personnes avec chaque résultat
Percentile par nombre de réponses
Votre historique - résultats
Vous n’avez pas pris ce quiz